000 00400nam a2200133Ia 4500
008 151021s9999 xx 000 0 und d
020 _a1567313175
050 _aHF5449.5 .J63A53 1995
245 _a_How to you do what you love for a living Nancy Anderson
260 _aNew York Barnes & Noble books 1995
300 _axvi,311p.
650 _a_Your Passion
980 _a^d20130521 04:26:46^oanne
999 _c13592
_d13592